000 00438nam a22001337a 4500
003 SGT
020 _a9789355211453
082 _a891.4309
_bA22M
100 _aमिश्र, कलराज
245 _aअप्प दीपो भव : शिक्षा की भारतीय संस्कृति पर एकाग्र
260 _bप्रभात प्रकाशन
_c2022
300 _a224
942 _2ddc
_cBK
999 _c29828
_d29828